000 00548nam a2200181Ia 4500
008 090124s9999 xx 000 0 und d
082 _b132806
100 _aनगर्सेकर सुरेश
245 _a नाभी चिकित्सा
250 _a1
260 _c2004
300 _a40
600 _aनगर्सेकर सुरेश
630 _a नाभी चिकित्सा
700 _aनगर्सेकर सुरेश
730 _a नाभी चिकित्सा
942 _cBOOK
999 _c178953
_d178953